Aussenwirtschaft schweizerische Zeitschrift für internationale Wirtschaftsbeziehungen

Saved in:
Bibliographic Details
Format: Serial
Language:German
Published: Zürich Rüegger 2004
Subjects:
Tags: Add Tag
No Tags, Be the first to tag this record!

MARC

LEADER 00000nas2a22000001 4500
001 0069400
005 20080122111906.3
022 |a 0004-8216 
041 0 |a ger 
044 |a CH 
245 1 0 |a Aussenwirtschaft  |b schweizerische Zeitschrift für internationale Wirtschaftsbeziehungen 
264 1 |a Zürich  |b Rüegger  |c 2004 
773 0 |w eu_un_cat*s120084 
610 2 0 |a vzťahy hospodárske medzinárodné 
610 2 0 |a politika zahraničnohospodárska 
610 2 0 |a obchod zahraničný